| 000 | 01226nam a22003017a 4500 | ||
|---|---|---|---|
| 999 |
_c219606 _d219606 |
||
| 001 | 1170497 | ||
| 003 | Nust | ||
| 005 | 20180117090022.0 | ||
| 008 | 960523s1995 ja b 000 0 eng | ||
| 010 | _a 96152535 | ||
| 020 | _a9283318161 | ||
| 040 |
_aDLC _cDLC |
||
| 043 | _aa------ | ||
| 050 | 0 | 0 |
_aHC415.I52 _bA656 no. 16 |
| 082 | _a338.6048 | ||
| 100 | _4Asian Productivity Organization | ||
| 245 | 0 | 0 |
_aProductivity in the age of competitiveness : _bfour-prize winning essays under the APO essay contest, 1993. |
| 260 |
_aTokyo : _bAsian Productivity Organization, _c1995. |
||
| 300 |
_a130 p. ; _c22 cm. |
||
| 440 | 0 |
_aAPO monograph series ; _v16 |
|
| 504 | _aIncludes bibliographical references. | ||
| 650 | 0 |
_aIndustrial productivity _zAsia. |
|
| 650 | 0 | _aIndustrial productivity. | |
| 906 |
_a7 _bcbc _corignew _d2 _encip _f19 _gy-gencatlg |
||
| 942 |
_2ddc _cBK |
||